Especializaciones del integumento dorsal de Centrolenella acathidiocephala Ruíz-Carranza & Lynch, 1989 (Amphibia Anura Centrolenidae) (Registro nro. 16182)
[ vista simple ]
| 000 -CABECERA | |
|---|---|
| Campo de control | 005490000a22001450004500 |
| 090 ## - CLASIFICACIÓN LOCAL | |
| Colección | AS |
| Consecutivo | Seriadas |
| 041 0# - IDIOMA | |
| Código de idioma para texto/pista de sonido o título separado | |
| 100 1# - ASIENTO PRINCIPAL--NOMBRE PERSONAL | |
| Nombre personal | Ramírez, Martha Patricia |
| 245 10 - MENCION DE TITULO | |
| Título | Especializaciones del integumento dorsal de Centrolenella acathidiocephala Ruíz-Carranza & Lynch, 1989 (Amphibia Anura Centrolenidae) |
| 700 1# - ASIENTO SECUNDARIO - NOMBRE PERSONAL | |
| Nombre personal | Pérez, Gloria de |
| 700 1# - ASIENTO SECUNDARIO - NOMBRE PERSONAL | |
| Nombre personal | Ruíz Carranza, Pedro M. |
| 700 1# - ASIENTO SECUNDARIO - NOMBRE PERSONAL | |
| Nombre personal | Hernández Camacho, Jorge |
| 773 1# - Item fuente: | |
| Título | Trianea |
| Datos de la serie | Acta Científica y Tecnológica |
| Descripción física | 3 |
| Paginas del Articulo | 105-128 |
| Lugar, editorial y fecha de publicación | 1989 |
| 942 ## - ELEMENTOS ADICIONALES (KOHA) | |
| Tipo de ítem | Artículo |
No hay ítems disponibles.